[Event "Latvian Teams Chess Championship Higher League 2019"]
[Site "Riga Chess School, 10 Pernavas Street, Riga, Latvia"]
[Date "2019.06.09"]
[Round "6.9"]
[White "Jazdanovs, Aleksandrs"]
[Black "Tronenkovs, Valdis"]
[Result "1/2-1/2"]
[TimeControl "Standard: 90 minutes with 30 second increment from move 1"]
[BlackTitle "FM"]
[WhiteFideId "11604492"]
[BlackFideId "11601558"]
[WhiteElo "2232"]
[BlackElo "2273"]

1. e4 {[%clk 01:30:24]} {[%emt 00:00:34]} c5 {[%clk 01:30:58]} {[%emt
00:00:02]} 2. Nf3 {[%clk 01:30:38]} {[%emt 00:00:16]} Nc6 {[%clk 01:31:26]}
{[%emt 00:00:02]} 3. d4 {[%clk 01:30:36]} {[%emt 00:00:32]} cxd4 {[%clk
01:31:54]} {[%emt 00:00:03]} 4. Nxd4 {[%clk 01:30:59]} {[%emt 00:00:06]} g6
{[%clk 01:32:04]} {[%emt 00:00:20]} 5. Nc3 {[%clk 01:31:08]} {[%emt 00:00:20]}
Bg7 {[%clk 01:32:23]} {[%emt 00:00:12]} 6. Be3 {[%clk 01:30:55]} {[%emt
00:00:43]} Nf6 {[%clk 01:32:37]} {[%emt 00:00:17]} 7. Bc4 {[%clk 01:30:40]}
{[%emt 00:00:44]} O-O {[%clk 01:32:53]} {[%emt 00:00:14]} 8. Bb3 {[%clk
01:30:57]} {[%emt 00:00:13]} d5 {[%clk 01:31:31]} {[%emt 00:01:52]} 9. exd5
{[%clk 01:24:19]} {[%emt 00:07:08]} Na5 {[%clk 01:31:01]} {[%emt 00:01:00]} 10.
Nde2 {[%clk 01:21:02]} {[%emt 00:03:47]} a6 {[%clk 01:28:20]} {[%emt 00:03:11]}
11. Qd2 {[%clk 01:19:00]} {[%emt 00:02:31]} b5 {[%clk 01:27:42]} {[%emt
00:01:08]} 12. O-O {[%clk 01:18:23]} {[%emt 00:01:07]} Bb7 {[%clk 00:59:13]}
{[%emt 00:29:00]} 13. Rfd1 {[%clk 01:16:11]} {[%emt 00:02:42]} Nxb3 {[%clk
00:52:17]} {[%emt 00:07:27]} 14. axb3 {[%clk 01:16:28]} {[%emt 00:00:11]} Qc7
{[%clk 00:45:29]} {[%emt 00:07:19]} 15. Bf4 {[%clk 01:10:32]} {[%emt 00:06:25]}
Qc5 {[%clk 00:42:08]} {[%emt 00:03:51]} 16. Be3 {[%clk 01:07:30]} {[%emt
00:03:32]} Qc7 {[%clk 00:41:24]} {[%emt 00:01:14]} 17. Bf4 {[%clk 01:07:20]}
{[%emt 00:00:41]} Qc5 {[%clk 00:41:04]} {[%emt 00:00:50]} 18. Be3 {[%clk
01:07:19]} {[%emt 00:00:32]} 1/2-1/2

[Event "Latvian Teams Chess Championship Higher League 2019"]
[Site "Riga Chess School, 10 Pernavas Street, Riga, Latvia"]
[Date "2019.06.09"]
[Round "6.10"]
[White "Rogule, Laura"]
[Black "Badelka, Olga"]
[Result "1/2-1/2"]
[TimeControl "Standard: 90 minutes with 30 second increment from move 1"]
[WhiteTitle "WGM"]
[BlackTitle "WIM"]
[WhiteFideId "11601876"]
[BlackFideId "13509926"]
[WhiteElo "2267"]
[BlackElo "2391"]

1. e4 {[%clk 01:30:56]} {[%emt 00:00:02]} e6 {[%clk 01:30:18]} {[%emt
00:00:42]} 2. d4 {[%clk 01:30:58]} {[%emt 00:00:28]} d5 {[%clk 01:30:44]}
{[%emt 00:00:04]} 3. Nd2 {[%clk 01:30:56]} {[%emt 00:00:32]} c5 {[%clk
01:30:57]} {[%emt 00:00:17]} 4. exd5 {[%clk 01:30:48]} {[%emt 00:00:38]} exd5
{[%clk 01:30:33]} {[%emt 00:00:54]} 5. Ngf3 {[%clk 01:19:38]} {[%emt 00:11:41]}
Nc6 {[%clk 01:30:52]} {[%emt 00:00:10]} 6. dxc5 {[%clk 01:18:17]} {[%emt
00:01:51]} Bxc5 {[%clk 01:31:15]} {[%emt 00:00:07]} 7. Nb3 {[%clk 01:09:49]}
{[%emt 00:08:58]} Bd6 {[%clk 01:31:11]} {[%emt 00:00:33]} 8. c3 {[%clk
01:04:35]} {[%emt 00:05:45]} Nge7 {[%clk 01:30:40]} {[%emt 00:01:00]} 9. Be2
{[%clk 00:57:56]} {[%emt 00:07:10]} Bf5 {[%clk 01:27:01]} {[%emt 00:04:08]} 10.
Be3 {[%clk 00:55:56]} {[%emt 00:02:30]} O-O {[%clk 01:26:05]} {[%emt 00:01:27]}
11. Qd2 {[%clk 00:55:22]} {[%emt 00:01:04]} a6 {[%clk 01:23:27]} {[%emt
00:03:08]} 12. Rd1 {[%clk 00:52:37]} {[%emt 00:03:15]} Qc7 {[%clk 01:22:31]}
{[%emt 00:01:26]} 13. Nbd4 {[%clk 00:45:48]} {[%emt 00:07:19]} Be4 {[%clk
01:21:08]} {[%emt 00:01:52]} 14. Ng5 {[%clk 00:39:18]} {[%emt 00:07:01]} Bg6
{[%clk 01:15:41]} {[%emt 00:05:56]} 15. g3 {[%clk 00:33:06]} {[%emt 00:06:43]}
Ne5 {[%clk 01:04:17]} {[%emt 00:11:53]} 16. O-O {[%clk 00:30:45]} {[%emt
00:02:51]} Rad8 {[%clk 00:52:21]} {[%emt 00:12:25]} 17. b3 {[%clk 00:21:30]}
{[%emt 00:09:46]} h6 {[%clk 00:51:29]} {[%emt 00:01:22]} 18. Nh3 {[%clk
00:17:40]} {[%emt 00:04:21]} Qc8 {[%clk 00:47:00]} {[%emt 00:04:58]} 19. Nf4
{[%clk 00:15:53]} {[%emt 00:02:17]} Bh7 {[%clk 00:47:20]} {[%emt 00:00:10]} 20.
Rfe1 {[%clk 00:12:31]} {[%emt 00:03:52]} Bc5 {[%clk 00:38:09]} {[%emt
00:09:41]} 21. Kg2 {[%clk 00:11:17]} {[%emt 00:01:45]} Rfe8 {[%clk 00:37:22]}
{[%emt 00:01:16]} 22. Nd3 {[%clk 00:07:05]} {[%emt 00:04:42]} Be4+ {[%clk
00:34:10]} {[%emt 00:03:42]} 23. f3 {[%clk 00:07:30]} {[%emt 00:00:05]} Bxd3
{[%clk 00:33:29]} {[%emt 00:01:11]} 24. Bxd3 {[%clk 00:07:59]} {[%emt
00:00:02]} Nxd3 {[%clk 00:33:51]} {[%emt 00:00:07]} 25. Qxd3 {[%clk 00:08:26]}
{[%emt 00:00:04]} Ng6 {[%clk 00:34:01]} {[%emt 00:00:19]} 26. Nf5 {[%clk
00:07:06]} {[%emt 00:01:50]} Ne5 {[%clk 00:33:26]} {[%emt 00:01:05]} 27. Qc2
{[%clk 00:05:15]} {[%emt 00:02:21]} Re6 {[%clk 00:27:59]} {[%emt 00:05:57]} 28.
Bxc5 {[%clk 00:03:38]} {[%emt 00:02:08]} Qxc5 {[%clk 00:28:25]} {[%emt
00:00:03]} 29. Nd4 {[%clk 00:02:43]} {[%emt 00:01:25]} Ree8 {[%clk 00:28:50]}
{[%emt 00:00:05]} 30. Re3 {[%clk 00:02:36]} {[%emt 00:00:36]} Nc6 {[%clk
00:27:37]} {[%emt 00:01:44]} 31. Qe2 {[%clk 00:02:03]} {[%emt 00:01:03]} Rxe3
{[%clk 00:22:42]} {[%emt 00:05:25]} 32. Qxe3 {[%clk 00:02:31]} {[%emt
00:00:02]} Rc8 {[%clk 00:22:32]} {[%emt 00:00:39]} 33. Nf5 {[%clk 00:02:20]}
{[%emt 00:00:41]} Qa3 {[%clk 00:22:21]} {[%emt 00:00:42]} 34. Qe2 {[%clk
00:01:28]} {[%emt 00:01:22]} Rd8 {[%clk 00:22:09]} {[%emt 00:00:42]} 35. Rd3
{[%clk 00:01:14]} {[%emt 00:00:44]} Qc1 {[%clk 00:15:40]} {[%emt 00:06:59]} 36.
f4 {[%clk 00:01:15]} {[%emt 00:00:29]} Kh7 {[%clk 00:13:22]} {[%emt 00:02:48]}
37. Qd2 {[%clk 00:01:03]} {[%emt 00:00:42]} Qb1 {[%clk 00:10:21]} {[%emt
00:03:31]} 38. Ne3 {[%clk 00:01:02]} {[%emt 00:00:31]} d4 {[%clk 00:09:55]}
{[%emt 00:00:55]} 39. Nc2 {[%clk 00:00:47]} {[%emt 00:00:45]} dxc3 {[%clk
00:04:23]} {[%emt 00:06:03]} 40. Qxc3 {[%clk 00:01:16]} {[%emt 00:00:02]} Qxa2
{[%clk 00:04:20]} {[%emt 00:00:32]} 41. Rxd8 {[%clk 00:01:38]} {[%emt
00:00:07]} Nxd8 {[%clk 00:04:50]} {[%emt 00:00:01]} 42. Qd3+ {[%clk 00:01:53]}
{[%emt 00:00:14]} g6 {[%clk 00:05:19]} {[%emt 00:00:01]} 43. f5 {[%clk
00:02:12]} {[%emt 00:00:12]} gxf5 {[%clk 00:04:40]} {[%emt 00:01:09]} 44. Qxf5+
{[%clk 00:01:36]} {[%emt 00:01:06]} Kg7 {[%clk 00:04:30]} {[%emt 00:00:39]} 45.
Qg4+ {[%clk 00:01:30]} {[%emt 00:00:36]} Kf8 {[%clk 00:04:33]} {[%emt
00:00:26]} 46. Qb4+ {[%clk 00:00:58]} {[%emt 00:01:03]} Ke8 {[%clk 00:04:40]}
{[%emt 00:00:24]} 47. Qc3 {[%clk 00:00:50]} {[%emt 00:00:38]} Nc6 {[%clk
00:04:46]} {[%emt 00:00:24]} 48. Qe3+ {[%clk 00:00:47]} {[%emt 00:00:32]} Kd7
{[%clk 00:04:49]} {[%emt 00:00:26]} 49. Qd3+ {[%clk 00:00:52]} {[%emt
00:00:26]} Kc7 {[%clk 00:05:13]} {[%emt 00:00:06]} 50. Qc4 {[%clk 00:01:02]}
{[%emt 00:00:21]} Kb8 {[%clk 00:05:15]} {[%emt 00:00:27]} 51. Kh3 {[%clk
00:01:09]} {[%emt 00:00:23]} Qb2 {[%clk 00:02:33]} {[%emt 00:03:12]} 52. Ne3
{[%clk 00:01:08]} {[%emt 00:00:31]} Qe5 {[%clk 00:02:43]} {[%emt 00:00:20]} 53.
Qd3 {[%clk 00:00:55]} {[%emt 00:00:44]} Nd4 {[%clk 00:02:31]} {[%emt 00:00:42]}
54. Nc4 {[%clk 00:00:53]} {[%emt 00:00:31]} Qe6+ {[%clk 00:02:39]} {[%emt
00:00:22]} 55. g4 {[%clk 00:00:59]} {[%emt 00:00:25]} Qd5 {[%clk 00:01:48]}
{[%emt 00:01:21]} 56. Qe3 {[%clk 00:00:51]} {[%emt 00:00:38]} h5 {[%clk
00:00:45]} {[%emt 00:01:32]} 57. Qe8+ {[%clk 00:00:45]} {[%emt 00:00:36]} Ka7
{[%clk 00:01:08]} {[%emt 00:00:07]} 58. Qa8+ {[%clk 00:00:54]} {[%emt
00:00:21]} Kxa8 {[%clk 00:01:37]} {[%emt 00:00:02]} 59. Nb6+ {[%clk 00:01:20]}
{[%emt 00:00:03]} Kb8 {[%clk 00:01:58]} {[%emt 00:00:10]} 60. Nxd5 {[%clk
00:01:48]} {[%emt 00:00:02]} hxg4+ {[%clk 00:02:09]} {[%emt 00:00:19]} 61. Kxg4
{[%clk 00:02:16]} {[%emt 00:00:02]} f5+ {[%clk 00:00:43]} {[%emt 00:01:55]} 62.
Kf4 {[%clk 00:02:25]} {[%emt 00:00:21]} Kc8 {[%clk 00:01:04]} {[%emt 00:00:09]}
63. h4 {[%clk 00:02:24]} {[%emt 00:00:31]} Kd7 {[%clk 00:01:33]} 64. h5 {[%clk
00:02:35]} {[%emt 00:00:19]} Ke6 {[%clk 00:02:00]} {[%emt 00:00:04]} 65. h6
{[%clk 00:02:34]} {[%emt 00:00:31]} Kf7 {[%clk 00:02:10]} {[%emt 00:00:20]} 66.
b4 {[%clk 00:01:30]} {[%emt 00:01:34]} Kg6 {[%clk 00:01:59]} {[%emt 00:00:39]}
67. Ke5 {[%clk 00:01:23]} {[%emt 00:00:38]} Nc6+ {[%clk 00:02:10]} {[%emt
00:00:19]} 68. Kf4 {[%clk 00:01:27]} {[%emt 00:00:27]} b5 {[%clk 00:01:26]}
{[%emt 00:01:14]} 69. h7 {[%clk 00:01:47]} {[%emt 00:00:10]} Kxh7 {[%clk
00:01:54]} {[%emt 00:00:01]} 70. Kxf5 {[%clk 00:02:10]} {[%emt 00:00:07]} Nxb4
{[%clk 00:02:17]} {[%emt 00:00:07]} 71. Nxb4 {[%clk 00:02:19]} {[%emt
00:00:22]} a5 {[%clk 00:02:45]} {[%emt 00:00:01]} 72. Nc6 {[%clk 00:02:42]}
{[%emt 00:00:07]} 1/2-1/2

[Event "Latvian Teams Chess Championship Higher League 2019"]
[Site "Riga Chess School, 10 Pernavas Street, Riga, Latvia"]
[Date "2019.06.09"]
[Round "6.11"]
[White "Lanka, Zigurds"]
[Black "Krustkalns, Kristaps"]
[Result "1-0"]
[TimeControl "Standard: 90 minutes with 30 second increment from move 1"]
[WhiteTitle "GM"]
[BlackTitle "FM"]
[WhiteFideId "11600047"]
[BlackFideId "11602686"]
[WhiteElo "2400"]
[BlackElo "2202"]

1. e4 {[%clk 01:19:08]} {[%emt 00:11:51]} e5 {[%clk 01:30:51]} {[%emt
00:00:09]} 2. Nf3 {[%clk 01:19:23]} {[%emt 00:00:16]} Nc6 {[%clk 01:31:08]}
{[%emt 00:00:12]} 3. Bb5 {[%clk 01:19:45]} {[%emt 00:00:08]} a6 {[%clk
01:31:13]} {[%emt 00:00:25]} 4. Ba4 {[%clk 01:20:04]} {[%emt 00:00:11]} Nf6
{[%clk 01:31:27]} {[%emt 00:00:15]} 5. O-O {[%clk 01:20:24]} {[%emt 00:00:10]}
Be7 {[%clk 01:31:43]} {[%emt 00:00:16]} 6. Re1 {[%clk 01:20:28]} {[%emt
00:00:26]} b5 {[%clk 01:31:49]} {[%emt 00:00:22]} 7. Bb3 {[%clk 01:20:49]}
{[%emt 00:00:10]} d6 {[%clk 01:32:08]} {[%emt 00:00:10]} 8. c3 {[%clk
01:21:11]} {[%emt 00:00:10]} O-O {[%clk 01:32:15]} {[%emt 00:00:22]} 9. h3
{[%clk 01:21:32]} {[%emt 00:00:09]} Na5 {[%clk 01:31:59]} {[%emt 00:00:47]} 10.
Bc2 {[%clk 01:21:53]} {[%emt 00:00:09]} c5 {[%clk 01:31:18]} {[%emt 00:01:10]}
11. d4 {[%clk 01:21:27]} {[%emt 00:00:56]} Nd7 {[%clk 01:31:22]} {[%emt
00:00:26]} 12. dxc5 {[%clk 01:21:45]} {[%emt 00:00:13]} dxc5 {[%clk 01:30:53]}
{[%emt 00:00:58]} 13. Nbd2 {[%clk 01:21:59]} {[%emt 00:00:16]} Qc7 {[%clk
01:27:22]} {[%emt 00:04:00]} 14. Nf1 {[%clk 01:21:55]} {[%emt 00:00:35]} Re8
{[%clk 01:26:01]} {[%emt 00:01:51]} 15. Ne3 {[%clk 01:22:03]} {[%emt 00:00:23]}
Nf6 {[%clk 01:25:01]} {[%emt 00:01:28]} 16. Nd5 {[%clk 01:19:16]} {[%emt
00:03:18]} Nxd5 {[%clk 01:24:12]} {[%emt 00:01:19]} 17. exd5 {[%clk 01:19:34]}
{[%emt 00:00:13]} Bf8 {[%clk 01:22:50]} {[%emt 00:01:51]} 18. Ng5 {[%clk
01:14:00]} {[%emt 00:06:03]} g6 {[%clk 01:18:41]} {[%emt 00:04:39]} 19. Ne4
{[%clk 01:09:48]} {[%emt 00:04:42]} Bg7 {[%clk 01:18:37]} {[%emt 00:00:34]} 20.
d6 {[%clk 01:09:19]} {[%emt 00:01:00]} Qc6 {[%clk 01:15:32]} {[%emt 00:03:34]}
21. Nf6+ {[%clk 00:56:32]} {[%emt 00:13:18]} Bxf6 {[%clk 01:10:03]} {[%emt
00:05:58]} 22. Be4 {[%clk 00:54:32]} {[%emt 00:02:31]} Qd7 {[%clk 01:09:24]}
{[%emt 00:01:09]} 23. Bxa8 {[%clk 00:54:46]} {[%emt 00:00:16]} Nb7 {[%clk
01:09:36]} {[%emt 00:00:18]} 24. Bh6 {[%clk 00:51:29]} {[%emt 00:03:47]} Bh8
{[%clk 01:08:18]} {[%emt 00:01:47]} 25. a4 {[%clk 00:50:32]} {[%emt 00:01:29]}
Nxd6 {[%clk 01:08:19]} {[%emt 00:00:28]} 26. axb5 {[%clk 00:50:22]} {[%emt
00:00:40]} axb5 {[%clk 01:08:38]} {[%emt 00:00:12]} 27. Be3 {[%clk 00:48:29]}
{[%emt 00:02:22]} Qc7 {[%clk 01:08:42]} {[%emt 00:00:26]} 28. b4 {[%clk
00:47:53]} {[%emt 00:01:06]} cxb4 {[%clk 01:08:36]} {[%emt 00:00:37]} 29. cxb4
{[%clk 00:47:55]} {[%emt 00:00:28]} Nc4 {[%clk 01:08:23]} {[%emt 00:00:42]} 30.
Bc5 {[%clk 00:47:23]} {[%emt 00:01:02]} Bf5 {[%clk 01:07:14]} {[%emt 00:01:38]}
31. Ra7 {[%clk 00:46:54]} {[%emt 00:01:01]} Qb8 {[%clk 01:07:15]} {[%emt
00:00:27]} 32. Bd5 {[%clk 00:45:56]} {[%emt 00:01:29]} 1-0

[Event "Latvian Teams Chess Championship Higher League 2019"]
[Site "Riga Chess School, 10 Pernavas Street, Riga, Latvia"]
[Date "2019.06.09"]
[Round "6.12"]
[White "Mikelsons, Mikelis-Emils"]
[Black "Krivonosov, Oleg"]
[Result "0-1"]
[TimeControl "Standard: 90 minutes with 30 second increment from move 1"]
[BlackTitle "IM"]
[WhiteFideId "11607475"]
[BlackFideId "11600349"]
[WhiteElo "1799"]
[BlackElo "2411"]

1. d4 {[%clk 01:30:58]} d5 {[%clk 01:31:17]} {[%emt 00:00:12]} 2. c4 {[%clk
01:31:22]} {[%emt 00:00:06]} e6 {[%clk 01:31:39]} {[%emt 00:00:08]} 3. Nc3
{[%clk 01:31:45]} {[%emt 00:00:08]} Be7 {[%clk 01:31:52]} {[%emt 00:00:16]} 4.
cxd5 {[%clk 01:32:09]} {[%emt 00:00:06]} exd5 {[%clk 01:32:18]} {[%emt
00:00:04]} 5. Bf4 {[%clk 01:32:35]} {[%emt 00:00:05]} Nf6 {[%clk 01:32:10]}
{[%emt 00:00:37]} 6. Qc2 {[%clk 01:32:30]} {[%emt 00:00:35]} O-O {[%clk
01:31:33]} {[%emt 00:01:08]} 7. h3 {[%clk 01:31:13]} {[%emt 00:01:47]} c5
{[%clk 01:30:59]} {[%emt 00:01:03]} 8. Nf3 {[%clk 01:25:14]} {[%emt 00:06:31]}
Nc6 {[%clk 01:29:02]} {[%emt 00:02:26]} 9. e3 {[%clk 01:21:18]} {[%emt
00:04:25]} cxd4 {[%clk 01:25:19]} {[%emt 00:04:13]} 10. Nxd4 {[%clk 01:21:23]}
{[%emt 00:00:26]} Nxd4 {[%clk 01:23:47]} {[%emt 00:02:02]} 11. exd4 {[%clk
01:21:47]} {[%emt 00:00:05]} Bd6 {[%clk 01:22:50]} {[%emt 00:01:27]} 12. Bxd6
{[%clk 01:20:06]} {[%emt 00:02:12]} Qxd6 {[%clk 01:23:10]} {[%emt 00:00:09]} 13.
Be2 {[%clk 01:18:25]} {[%emt 00:02:11]} Qf4 {[%clk 01:19:27]} {[%emt 00:04:13]}
14. Qd2 {[%clk 01:15:16]} {[%emt 00:03:40]} Qf5 {[%clk 01:17:21]} {[%emt
00:02:36]} 15. O-O {[%clk 01:14:23]} {[%emt 00:01:23]} Qg6 {[%clk 01:11:33]}
{[%emt 00:06:17]} 16. Bf3 {[%clk 01:08:46]} {[%emt 00:06:07]} Ne4 {[%clk
00:57:48]} {[%emt 00:14:16]} 17. Qe3 {[%clk 01:04:01]} {[%emt 00:05:14]} Nxc3
{[%clk 00:57:10]} {[%emt 00:01:08]} 18. bxc3 {[%clk 01:04:12]} {[%emt
00:00:19]} Be6 {[%clk 00:54:25]} {[%emt 00:03:15]} 19. Rab1 {[%clk 00:56:06]}
{[%emt 00:08:36]} b6 {[%clk 00:53:04]} {[%emt 00:01:51]} 20. Qe5 {[%clk
00:43:14]} {[%emt 00:13:22]} Rac8 {[%clk 00:47:40]} {[%emt 00:05:53]} 21. Rb3
{[%clk 00:42:20]} {[%emt 00:01:24]} Rfd8 {[%clk 00:45:36]} {[%emt 00:02:35]} 22.
Re1 {[%clk 00:39:01]} {[%emt 00:03:50]} h6 {[%clk 00:42:53]} {[%emt 00:03:12]}
23. Ra3 {[%clk 00:32:01]} {[%emt 00:07:31]} Rd7 {[%clk 00:37:21]} {[%emt
00:06:02]} 24. c4 {[%clk 00:31:21]} {[%emt 00:01:10]} Rcd8 {[%clk 00:21:38]}
{[%emt 00:16:12]} 25. c5 {[%clk 00:19:58]} {[%emt 00:11:52]} bxc5 {[%clk
00:16:40]} {[%emt 00:05:28]} 26. dxc5 {[%clk 00:20:17]} {[%emt 00:00:12]} Qg5
{[%clk 00:15:59]} {[%emt 00:01:11]} 27. Qd4 {[%clk 00:16:37]} {[%emt 00:04:10]}
Rc7 {[%clk 00:14:04]} {[%emt 00:02:26]} 28. h4 {[%clk 00:12:25]} {[%emt
00:04:42]} Qf6 {[%clk 00:13:01]} {[%emt 00:01:32]} 29. Qxf6 {[%clk 00:11:05]}
{[%emt 00:01:50]} gxf6 {[%clk 00:13:27]} {[%emt 00:00:04]} 30. Rc1 {[%clk
00:10:43]} {[%emt 00:00:52]} d4 {[%clk 00:12:08]} {[%emt 00:01:49]} 31. Rd3
{[%clk 00:11:04]} {[%emt 00:00:09]} Bxa2 {[%clk 00:08:12]} {[%emt 00:04:26]} 32.
Rcd1 {[%clk 00:11:27]} {[%emt 00:00:08]} Rxc5 {[%clk 00:08:13]} {[%emt
00:00:28]} 33. Rxd4 {[%clk 00:11:52]} {[%emt 00:00:05]} Rxd4 {[%clk 00:08:31]}
{[%emt 00:00:12]} 34. Rxd4 {[%clk 00:12:18]} {[%emt 00:00:04]} a5 {[%clk
00:08:17]} {[%emt 00:00:44]} 35. Bd1 {[%clk 00:12:08]} {[%emt 00:00:41]} Kg7
{[%clk 00:08:09]} {[%emt 00:00:37]} 36. Kh2 {[%clk 00:12:10]} {[%emt 00:00:28]}
Be6 {[%clk 00:07:41]} {[%emt 00:00:57]} 37. g4 {[%clk 00:12:12]} {[%emt
00:00:29]} Rd5 {[%clk 00:07:45]} {[%emt 00:00:26]} 38. Rxd5 {[%clk 00:12:27]}
Bxd5 {[%clk 00:08:14]} 39. Ba4 {[%clk 00:12:45]} {[%emt 00:00:12]} Kf8 {[%clk
00:08:32]} {[%emt 00:00:13]} 40. Kg3 {[%clk 00:12:37]} {[%emt 00:00:37]} Ke7
{[%clk 00:08:56]} {[%emt 00:00:06]} 41. Kf4 {[%clk 00:12:59]} {[%emt 00:00:08]}
Be6 {[%clk 00:09:20]} {[%emt 00:00:06]} 42. g5 {[%clk 00:13:13]} {[%emt
00:00:17]} fxg5+ {[%clk 00:09:44]} {[%emt 00:00:06]} 43. hxg5 {[%clk 00:13:39]}
{[%emt 00:00:04]} hxg5+ {[%clk 00:10:01]} {[%emt 00:00:13]} 44. Kxg5 {[%clk
00:14:05]} {[%emt 00:00:04]} Bd7 {[%clk 00:10:22]} {[%emt 00:00:09]} 45. Bc2
{[%clk 00:11:55]} {[%emt 00:02:39]} a4 {[%clk 00:10:44]} {[%emt 00:00:08]} 46.
f4 {[%clk 00:12:10]} {[%emt 00:00:15]} a3 {[%clk 00:11:09]} {[%emt 00:00:06]}
47. Bb1 {[%clk 00:12:18]} {[%emt 00:00:21]} Be6 {[%clk 00:11:30]} {[%emt
00:00:09]} 48. f5 {[%clk 00:12:33]} {[%emt 00:00:16]} a2 {[%clk 00:11:51]}
{[%emt 00:00:09]} 49. Bxa2 {[%clk 00:13:00]} {[%emt 00:00:03]} Bxa2 {[%clk
00:12:17]} {[%emt 00:00:03]} 0-1

[Event "Latvian Teams Chess Championship Higher League 2019"]
[Site "Riga Chess School, 10 Pernavas Street, Riga, Latvia"]
[Date "2019.06.09"]
[Round "6.14"]
[White "Alainis, Artis"]
[Black "Ozols, Andris"]
[Result "1-0"]
[TimeControl "Standard: 90 minutes with 30 second increment from move 1"]
[WhiteFideId "11609095"]
[BlackFideId "11605456"]
[WhiteElo "1768"]
[BlackElo "1684"]

1. e4 {[%clk 01:30:40]} {[%emt 00:00:19]} c5 {[%clk 01:27:17]} {[%emt
00:03:44]} 2. Nf3 {[%clk 01:30:58]} {[%emt 00:00:12]} d6 {[%clk 01:27:42]}
{[%emt 00:00:04]} 3. d4 {[%clk 01:29:19]} {[%emt 00:02:10]} cxd4 {[%clk
01:28:07]} {[%emt 00:00:05]} 4. Nxd4 {[%clk 01:29:45]} {[%emt 00:00:05]} Nf6
{[%clk 01:28:29]} {[%emt 00:00:07]} 5. Nc3 {[%clk 01:30:03]} {[%emt 00:00:11]}
g6 {[%clk 01:28:57]} {[%emt 00:00:04]} 6. Be2 {[%clk 01:27:51]} {[%emt
00:02:41]} Bg7 {[%clk 01:28:30]} {[%emt 00:00:57]} 7. O-O {[%clk 01:28:05]}
{[%emt 00:00:16]} O-O {[%clk 01:27:42]} {[%emt 00:01:18]} 8. Be3 {[%clk
01:27:10]} {[%emt 00:01:24]} Bd7 {[%clk 01:25:25]} {[%emt 00:02:47]} 9. h3
{[%clk 01:16:29]} {[%emt 00:11:12]} Nc6 {[%clk 01:24:17]} {[%emt 00:01:38]} 10.
Qd2 {[%clk 01:16:15]} {[%emt 00:00:43]} Rc8 {[%clk 01:22:51]} {[%emt 00:01:57]}
11. f4 {[%clk 01:08:32]} {[%emt 00:08:13]} Na5 {[%clk 01:17:55]} {[%emt
00:05:25]} 12. e5 {[%clk 01:01:59]} {[%emt 00:07:04]} Ne8 {[%clk 01:14:11]}
{[%emt 00:04:15]} 13. Nf3 {[%clk 01:00:24]} {[%emt 00:02:04]} Nc4 {[%clk
01:13:50]} {[%emt 00:00:50]} 14. Bxc4 {[%clk 00:59:45]} {[%emt 00:01:10]} Rxc4
{[%clk 01:13:56]} {[%emt 00:00:24]} 15. Bxa7 {[%clk 00:59:27]} {[%emt
00:00:48]} b6 {[%clk 01:08:46]} {[%emt 00:05:39]} 16. Nd5 {[%clk 00:59:02]}
{[%emt 00:00:55]} Be6 {[%clk 01:08:19]} {[%emt 00:00:58]} 17. Bxb6 {[%clk
00:49:47]} {[%emt 00:09:45]} Qd7 {[%clk 01:05:59]} {[%emt 00:02:49]} 18. Nc3
{[%clk 00:48:25]} {[%emt 00:01:52]} Qb7 {[%clk 01:05:27]} {[%emt 00:01:02]} 19.
Bd4 {[%clk 00:43:09]} {[%emt 00:05:46]} Qxb2 {[%clk 01:05:19]} {[%emt
00:00:39]} 20. Rfb1 {[%clk 00:40:01]} {[%emt 00:03:36]} Qa3 {[%clk 01:04:09]}
{[%emt 00:01:41]} 21. Rb7 {[%clk 00:39:57]} {[%emt 00:00:34]} Nc7 {[%clk
00:57:01]} {[%emt 00:07:39]} 22. Ra7 {[%clk 00:33:30]} {[%emt 00:06:57]} Na6
{[%clk 00:57:27]} {[%emt 00:00:04]} 23. Rb1 {[%clk 00:33:34]} {[%emt 00:00:25]}
dxe5 {[%clk 00:56:04]} {[%emt 00:01:54]} 24. fxe5 {[%clk 00:33:32]} {[%emt
00:00:31]} Rd8 {[%clk 00:56:06]} {[%emt 00:00:28]} 25. Qe3 {[%clk 00:19:19]}
{[%emt 00:14:44]} Rcxd4 {[%clk 00:54:23]} {[%emt 00:03:25]} 26. Nxd4 {[%clk
00:19:14]} {[%emt 00:00:22]} Qc5 {[%clk 00:54:28]} {[%emt 00:00:25]} 27. Ncb5
{[%clk 00:19:29]} {[%emt 00:00:16]} Bxe5 {[%clk 00:54:22]} {[%emt 00:00:35]} 28.
Rxa6 {[%clk 00:19:21]} {[%emt 00:00:39]} Rxd4 {[%clk 00:53:56]} {[%emt
00:00:55]} 29. Re1 {[%clk 00:11:51]} {[%emt 00:07:59]} Bg3 {[%clk 00:08:22]}
{[%emt 00:46:05]} 30. Ra8+ {[%clk 00:10:20]} {[%emt 00:02:02]} Kg7 {[%clk
00:07:24]} {[%emt 00:01:27]} 31. Nxd4 {[%clk 00:10:38]} {[%emt 00:00:12]} Bd5
{[%clk 00:06:31]} {[%emt 00:01:22]} 32. Nf5+ {[%clk 00:10:25]} {[%emt
00:00:44]} 1-0